| 000 | 00817nam a2200241 a 4500 | ||
|---|---|---|---|
| 001 | BRL_1667 | ||
| 005 | 20190320211320.0 | ||
| 008 | 230414s2009----mx-a######---#000-0#spa-# | ||
| 041 | _aspa | ||
| 044 | _amx | ||
| 050 | 4 |
_aNK8914 _b.L43 2009 |
|
| 100 | 1 |
_aLechuga, Ruth D. _94883 |
|
| 245 | 1 | 0 |
_aLas técnicas textiles en el México indígena _cRuth D. Lechuga ; revisión y actualización Marco Buenrostro. |
| 260 |
_aMéxico _bFONART Fondo Nacional para el Fomento de las Artesanías _c2009 |
||
| 300 |
_a43 p. _bil. _c21 cm. |
||
| 440 | 0 |
_aArtesanías tradicionales. Apuntes monográficos _927490 |
|
| 504 | _aBibliografía : p. 39 | ||
| 650 | 1 | 4 |
_aTejeduría _zMéxico _926884 |
| 650 | 1 | 4 |
_aTejido a mano _927580 |
| 650 | 1 | 4 |
_aArtesanías _zMéxico _93976 |
| 700 | 1 |
_aBuenrostro, Marco _911025 |
|
| 942 |
_2lcc _cB |
||
| 999 |
_c10476 _d10476 |
||